| 000 | 00979pam a2200277 a 4500 | ||
|---|---|---|---|
| 001 | 4854053 | ||
| 003 | OSt | ||
| 005 | 20250901165602.0 | ||
| 008 | 911223s1992 inu b 001 0 eng | ||
| 010 | _a 91051112 | ||
| 020 | _a0268006334 | ||
| 040 |
_aDLC _cDLC _dDLC |
||
| 043 | _an-us--- | ||
| 050 | 0 | 0 |
_aHN90.M6 N48 1992 _bN48 1992 |
| 082 | 0 | 0 |
_a306/.0973 _220 |
| 100 | 1 | _aNeuhaus, Richard John. | |
| 245 | 1 | 0 |
_aAmerica against itself : _bmoral vision and the public order / _cRichard John Neuhaus. |
| 260 |
_aNotre Dame : _bUniversity of Notre Dame Press, _cc1992. |
||
| 300 |
_axiii, 199 p. ; _c22 cm. |
||
| 504 | _aIncludes bibliographical references (p. 191-195) and index. | ||
| 651 | 0 |
_aUnited States _xMoral conditions. |
|
| 651 | 0 |
_aUnited States _xSocial conditions _y1945- |
|
| 906 |
_a7 _bcbc _corignew _d1 _eocip _f19 _gy-gencatlg |
||
| 942 |
_2ddc _cBK |
||
| 999 |
_c6252 _d6252 |
||